| 000 | 00949nam a2200277 u 4500 | ||
|---|---|---|---|
| 001 | 000003027 | ||
| 003 | DO-SdBPM | ||
| 005 | 20260120123818.0 | ||
| 007 | ta | ||
| 008 | 090706s1994 dr a r 000 0 spa d | ||
| 040 |
_aDO-SdBPM _bspa _cBPMSU _drda |
||
| 082 | 4 |
_a305.5633 _bI58e 1994 _222 |
|
| 100 | 1 |
_aInoa, Orlando _4aut. _eautor |
|
| 245 | 1 | 0 |
_aEstado y campesinos al inicio de la Era de Trujillo / _cOrlando Inoa. |
| 264 |
_aSanto Domingo : _bLa trinitaria, _c1994. |
||
| 300 |
_a262 páginas : _bilustraciones ; _c22 cm. |
||
| 336 |
_atexto _btxt _2rdacontent |
||
| 337 |
_asin mediación _bn _2rdamedia |
||
| 338 |
_avolumen _bnc _2rdacarrier |
||
| 504 | _aIncluye referencias bibliográficas y notas al pie de las páginas | ||
| 590 | _aInventariado, 2026/ VM | ||
| 650 | 7 |
_aCampesinos _zRepública Dominicana |
|
| 650 | 7 |
_aPolítica agrícola _zRepública Dominicana |
|
| 910 | _aVMateo V. Control de calidad BPMSU | ||
| 942 |
_2ddc _cBK |
||
| 999 |
_c15616 _d15616 |
||